000 00518nam a22001337a 4500
082 _a574.92
_bGLO
_cD
110 _aThe World Bank /
245 _aA global representative system of marine protected areas /
_bSouth Pacific, Northeast Pacific, Northwest Pacific, Southeast Pacific and Australia / New Zealand
_cThe Worl Bank.
260 _aWashington :
_bThe Woirld Bank Environment Department,
_c1995.
300 _aviii, 212 p. :
526 _a0
_b0
_c0
_d574_920000000000000_GLO
650 _aMCE
_9379
942 _2ddc
_cBK
999 _c544652
_d544652